[Event "X Open"]
[Site "Condino ITA"]
[Date "2010.07.29"]
[Round "6"]
[White "Salvotti, James"]
[Black "Galas, Franco"]
[Result "1/2-1/2"]
[WhiteElo "1582"]
[BlackElo "1771"]
[PlyCount "80"]
[EventDate "2010.07.26"]

1. a3 e5 2. c3 d6 3. d4 Nc6 4. dxe5 Nxe5 5. Bf4 Ng6 6. Bg3 Nf6 7. Nd2 Be7 8. e3
Nd7 9. Ngf3 b6 10. Nd4 Bb7 11. N2f3 O-O 12. Bd3 Nde5 13. Bxg6 Nxf3+ 14. Nxf3
fxg6 15. O-O Bxf3 16. gxf3 Qd7 17. Qd5+ Kh8 18. e4 c6 19. Qd4 Rxf3 20. e5 d5
21. Rae1 Bc5 22. Qh4 Qe6 23. Kg2 Raf8 24. Re2 R3f5 25. Qh3 d4 26. b4 d3 27. Rd2
Qd5+ 28. Kg1 Be7 29. Qg2 Qc4 30. Rfd1 Rf3 31. Qf1 Qxc3 32. Rxd3 Rxd3 33. Rxd3
Qb2 34. Qd1 h5 35. h3 Rf5 36. Rd7 Bf8 37. e6 Rd5 38. Rxd5 cxd5 39. Qxd5 Qf6 40.
Qd7 Qe7 1/2-1/2

[Event "X Open"]
[Site "Condino ITA"]
[Date "2010.07.29"]
[Round "6"]
[White "Sanzani, Pierluigi"]
[Black "Carola, Paolo"]
[Result "1/2-1/2"]
[WhiteElo "1848"]
[BlackElo "1917"]
[PlyCount "71"]
[EventDate "2010.07.26"]

1. e4 e5 2. Nf3 Nf6 3. Nxe5 d6 4. Nf3 Nxe4 5. d4 d5 6. Bd3 Nc6 7. O-O Be7 8.
Re1 Bg4 9. c3 Nd6 10. Nbd2 Qd7 11. Nf1 O-O-O 12. h3 Bf5 13. Ne3 Bxd3 14. Qxd3
Ne8 15. b4 Nf6 16. a4 Rhe8 17. a5 Nb8 18. b5 a6 19. Rb1 axb5 20. Ne5 Qe6 21.
Qxb5 Qa6 22. Qa4 Nc6 23. Nxc6 Qxc6 24. Qb3 Bf8 25. Re2 Kd7 26. Rc2 Ra8 27. c4
Rxa5 28. cxd5 Qb6 29. Qc4 Qd6 30. Rxb7 Nxd5 31. Bd2 Ra1+ 32. Rc1 Rxc1+ 33. Qxc1
Nxe3 34. Bxe3 Qc6 35. Qb2 Bd6 36. Qb5 1/2-1/2

[Event "X Open"]
[Site "Condino ITA"]
[Date "2010.07.29"]
[Round "6"]
[White "Van den Bergh, Peter"]
[Black "Marguerettaz, Davy"]
[Result "1-0"]
[WhiteElo "2074"]
[BlackElo "2092"]
[PlyCount "137"]
[EventDate "2010.07.26"]

1. e4 e6 2. d4 d5 3. Nd2 dxe4 4. Nxe4 Nd7 5. Nf3 Ngf6 6. Bd3 c5 7. O-O Nxe4 8.
Bxe4 Nf6 9. Bd3 cxd4 10. Nxd4 Bc5 11. Nf3 O-O 12. Re1 Qb6 13. Re2 Bd7 14. Ne5
Rfd8 15. Bg5 Bc6 16. Rd2 Qc7 17. Bxf6 gxf6 18. Nxc6 bxc6 19. Qh5 f5 20. Rad1
Qe5 21. g4 Qg7 22. Kh1 Kh8 23. gxf5 Rg8 24. Be4 Qg4 25. Qxg4 Rxg4 26. f3 Rg5
27. fxe6 Rag8 28. Rd8 Rxd8 29. Rxd8+ Kg7 30. h4 Rg1+ 31. Kh2 fxe6 32. Rd7+ Kf6
33. Rxh7 Ra1 34. a3 Ra2 35. b4 Bd6+ 36. Kg2 Rxa3 37. Rb7 Ra4 38. Bxc6 Rxb4 39.
Rxb4 Bxb4 40. Kg3 Bd2 41. Kg4 e5 42. Bd7 Bb4 43. h5 Bd2 44. c4 Be3 45. Be8 a5
46. Ba4 Bd4 47. Bb3 Be3 48. Bc2 Bd4 49. h6 a4 50. Bxa4 Kg6 51. h7 Kxh7 52. Kf5
Kg7 53. Ke6 Bb6 54. Kxe5 Kf7 55. Kd5 Ba5 56. c5 Ke7 57. Bb5 Bd2 58. Bd3 Bf4 59.
Ke4 Bc7 60. f4 Ba5 61. Kd5 Kd7 62. Bf5+ Kd8 63. Be4 Bc7 64. f5 Ke7 65. Kc6 Be5
66. Kb7 Kd8 67. c6 Bc7 68. Bd5 Be5 69. f6 1-0

[Event "X Open"]
[Site "Condino ITA"]
[Date "2010.07.29"]
[Round "6"]
[White "Van Rekom, Robert"]
[Black "Bini, Massimo"]
[Result "1/2-1/2"]
[WhiteElo "1879"]
[BlackElo "2044"]
[PlyCount "53"]
[EventDate "2010.07.26"]

1. e4 e5 2. d4 exd4 3. c3 dxc3 4. Nxc3 Nc6 5. Bc4 d6 6. Qb3 Qd7 7. Nf3 Nf6 8.
Ng5 Ne5 9. Bb5 c6 10. f4 Ng6 11. Be3 cxb5 12. Rd1 h6 13. Nf3 Ng4 14. Bc1 Be7
15. h3 Nh4 16. hxg4 Qxg4 17. Nxh4 Bxh4+ 18. Kf1 Qg3 19. Be3 Bg4 20. Qxb5+ Kf8
21. Rxh4 Qxh4 22. Qxb7 Rd8 23. Rxd6 Rxd6 24. Bc5 Qh1+ 25. Kf2 Qh4+ 26. Kf1 Qh1+
27. Kf2 1/2-1/2

[Event "X Open"]
[Site "Condino ITA"]
[Date "2010.07.29"]
[Round "6"]
[White "Ventura, Sergio"]
[Black "Daniel, Jiri"]
[Result "1-0"]
[WhiteElo "2103"]
[BlackElo "2000"]
[PlyCount "79"]
[EventDate "2010.07.26"]

1. f4 e5 2. d3 Nc6 3. Nf3 d6 4. g3 f5 5. c4 Nf6 6. Nc3 g6 7. Bg2 Bg7 8. Bd2 O-O
9. Qb3 Kh8 10. O-O-O Nd4 11. Nxd4 exd4 12. Nb5 Nd7 13. Ba5 Nb6 14. Qa3 Re8 15.
Bxb6 cxb6 16. Qxd6 Qxd6 17. Nxd6 Re7 18. Bd5 h6 19. Rde1 Be6 20. Bf3 Rd8 21.
Nb5 a6 22. Na3 b5 23. b3 Rc7 24. Kb1 bxc4 25. dxc4 Bf8 26. Nc2 b5 27. cxb5 axb5
28. Rd1 Bg7 29. Rd3 Rd6 30. Rhd1 Ra6 31. Nxd4 Bc4 32. bxc4 bxc4 33. Rc3 Rca7
34. Rc2 Rc7 35. e3 c3 36. Rd3 Re7 37. Rdxc3 Rb6+ 38. Kc1 g5 39. Rc8+ Kh7 40.
Nxf5 1-0

[Event "X Open"]
[Site "Condino ITA"]
[Date "2010.07.29"]
[Round "6"]
[White "Volpinari, Danilo"]
[Black "Schaberg, Wolfgang"]
[Result "1/2-1/2"]
[WhiteElo "2056"]
[BlackElo "1945"]
[PlyCount "32"]
[EventDate "2010.07.26"]

1. Nf3 d5 2. c4 e6 3. g3 c6 4. Bg2 Nf6 5. b3 g6 6. Bb2 Bg7 7. O-O O-O 8. d3 Re8
9. Nbd2 Nbd7 10. Rc1 e5 11. e3 h6 12. cxd5 cxd5 13. b4 Nh7 14. Qb3 Nb6 15. a4
Be6 16. d4 e4 1/2-1/2

[Event "X Open"]
[Site "Condino ITA"]
[Date "2010.07.29"]
[Round "6"]
[White "Weinberg, Emanuele"]
[Black "Pretto, Aldo"]
[Result "0-1"]
[WhiteElo "1843"]
[BlackElo "1694"]
[PlyCount "96"]
[EventDate "2010.07.26"]

1. d4 Nf6 2. c4 e5 3. dxe5 Ne4 4. Nf3 Bb4+ 5. Nbd2 Nc6 6. e3 Qe7 7. Bd3 Nxd2 8.
Bxd2 Nxe5 9. Nxe5 Bxd2+ 10. Qxd2 Qxe5 11. O-O O-O 12. Qc2 Qh5 13. Be4 d6 14.
Bf3 Qe5 15. Rad1 Be6 16. b3 Rab8 17. Rd4 b6 18. Rfd1 Bf5 19. Be4 c5 20. Bxf5
cxd4 21. exd4 Qf6 22. Bxh7+ Kh8 23. Be4 Rbc8 24. Qd3 g6 25. g3 Kg7 26. f4 Rh8
27. Rf1 Rh5 28. g4 Rh4 29. g5 Qe7 30. Qf3 Rch8 31. Rf2 Rh3 32. Qe2 R3h4 33. Kh1
Qe6 34. d5 Qg4 35. Qxg4 Rxg4 36. Bc2 Rhh4 37. f5 Rxg5 38. fxg6 fxg6 39. Re2
Rhg4 40. h3 Rg1+ 41. Kh2 Kf7 42. Rf2+ Kg7 43. Bd3 Re1 44. Bf1 Rf5 45. Rxf5 gxf5
46. Bd3 Kg6 47. b4 Re3 48. Bf1 Ra3 0-1

[Event "X Open"]
[Site "Condino ITA"]
[Date "2010.07.30"]
[Round "7"]
[White "Bettalli, Marco"]
[Black "Schaberg, Wolfgang"]
[Result "1/2-1/2"]
[WhiteElo "2074"]
[BlackElo "1945"]
[PlyCount "24"]
[EventDate "2010.07.26"]

1. Nf3 d5 2. g3 Nf6 3. Bg2 c6 4. O-O g6 5. d3 Bg7 6. Nbd2 Nbd7 7. c3 O-O 8. Qc2
Re8 9. e4 e5 10. b4 a5 11. a4 dxe4 12. dxe4 b5 1/2-1/2

[Event "X Open"]
[Site "Condino ITA"]
[Date "2010.07.30"]
[Round "7"]
[White "Bonugli, Carlo"]
[Black "Gallucci, Alessio"]
[Result "0-1"]
[WhiteElo "2032"]
[BlackElo "2155"]
[PlyCount "114"]
[EventDate "2010.07.26"]

1. e4 c5 2. Nc3 Nc6 3. g3 g6 4. Bg2 Bg7 5. d3 d6 6. f4 e6 7. Nf3 Nge7 8. O-O
O-O 9. Be3 Nd4 10. e5 Bd7 11. Ne4 Nef5 12. Bf2 Nxf3+ 13. Bxf3 dxe5 14. fxe5 Bc6
15. Bxc5 Bxe5 16. c3 Re8 17. Bf2 Bg7 18. Nc5 Qc7 19. Bxc6 Qxc6 20. Qe2 Nd6 21.
Ne4 f5 22. Nxd6 Qxd6 23. d4 Rad8 24. Qc4 Rc8 25. Qb3 Qd5 26. Rae1 Kf7 27. Re2
b5 28. Rfe1 a5 29. Qxd5 exd5 30. Rxe8 Rxe8 31. Rxe8 Kxe8 32. Be3 Kd7 33. Kf2
Kc6 34. Ke2 Bf6 35. Kd3 g5 36. b3 h6 37. a4 bxa4 38. bxa4 Bd8 39. c4 Bc7 40.
Bf2 h5 41. h3 g4 42. hxg4 fxg4 43. cxd5+ Kxd5 44. Be1 Bd8 45. Bd2 Bc7 46. Be1
Bd6 47. Ke3 Bb4 48. Bf2 Kc4 49. Ke4 Kb3 50. Ke5 Kxa4 51. d5 Kb5 52. Ke6 a4 53.
d6 Ba5 54. Bd4 a3 55. d7 a2 56. Ke7 h4 57. Bc3 Bb6 0-1

[Event "X Open"]
[Site "Condino ITA"]
[Date "2010.07.30"]
[Round "7"]
[White "Brunello, Marina"]
[Black "Dittmar, Peter"]
[Result "1/2-1/2"]
[WhiteElo "2216"]
[BlackElo "2326"]
[PlyCount "20"]
[EventDate "2010.07.26"]

1. e4 e6 2. d4 d5 3. Nd2 c5 4. Ngf3 Nc6 5. exd5 exd5 6. dxc5 Bxc5 7. Nb3 Bb6 8.
c3 Nge7 9. Bd3 O-O 10. O-O h6 1/2-1/2

[Event "X Open"]
[Site "Condino ITA"]
[Date "2010.07.30"]
[Round "7"]
[White "Buglisi, Massimo"]
[Black "Salvotti, James"]
[Result "1-0"]
[WhiteElo "1879"]
[BlackElo "1582"]
[PlyCount "59"]
[EventDate "2010.07.26"]

1. d4 Nf6 2. c4 e5 3. dxe5 Ng4 4. Bf4 Nc6 5. Nf3 Bb4+ 6. Nc3 Qe7 7. Qd5 f6 8.
exf6 Nxf6 9. Qd3 O-O 10. O-O-O d6 11. Nd5 Nxd5 12. cxd5 Rxf4 13. dxc6 bxc6 14.
Nd4 Bd7 15. Qb3+ d5 16. f3 Qc5+ 17. Nc2 Kh8 18. e3 Rf6 19. Qxb4 Qxb4 20. Nxb4
Rb8 21. Na6 Rb6 22. Nc5 Be8 23. e4 h6 24. exd5 cxd5 25. Kb1 Rfd6 26. Bd3 Bb5
27. Rhe1 Bxd3+ 28. Nxd3 Rb5 29. Re8+ Kh7 30. Re7 1-0

[Event "X Open"]
[Site "Condino ITA"]
[Date "2010.07.30"]
[Round "7"]
[White "Caldara, Sisto"]
[Black "Poletti, Fausto"]
[Result "1-0"]
[WhiteElo "1803"]
[BlackElo "1901"]
[PlyCount "59"]
[EventDate "2010.07.26"]

1. d4 Nf6 2. c4 g6 3. Nc3 Bg7 4. e4 d6 5. Be2 Na6 6. Bg5 c5 7. d5 Qa5 8. Qd2
Bd7 9. f4 Qc7 10. Nf3 O-O 11. e5 dxe5 12. fxe5 Ng4 13. Bxe7 Rfe8 14. d6 Qc6 15.
Qf4 Nb4 16. O-O Nh6 17. Ne4 Nf5 18. Nf6+ Kh8 19. Nxe8 Rxe8 20. Ng5 Nc2 21. Bf3
Qc8 22. Nxf7+ Kg8 23. Bd5 Be6 24. Ng5 Bxd5 25. cxd5 Ncd4 26. Rae1 Nxe7 27. Qf7+
Kh8 28. dxe7 Nf5 29. d6 h6 30. Ne6 1-0

[Event "X Open"]
[Site "Condino ITA"]
[Date "2010.07.30"]
[Round "7"]
[White "Daniel, Jiri"]
[Black "Sanzani, Pierluigi"]
[Result "1-0"]
[WhiteElo "2000"]
[BlackElo "1848"]
[PlyCount "157"]
[EventDate "2010.07.26"]

1. c4 e5 2. g3 Nf6 3. Bg2 Nc6 4. Nc3 Be7 5. e3 O-O 6. Nge2 Re8 7. O-O Bf8 8. a3
a5 9. b3 d6 10. Qc2 g6 11. Bb2 Bf5 12. d3 Bg7 13. Nd5 Rb8 14. Nec3 Nxd5 15.
cxd5 Na7 16. Ne2 c5 17. dxc6 Nxc6 18. Rac1 Be6 19. Ba1 d5 20. Rfd1 Qb6 21. d4
Rbc8 22. dxe5 Nxe5 23. Qb1 Bf5 24. Qa2 Rxc1 25. Nxc1 Be4 26. Bd4 Qe6 27. Qb2
Bxg2 28. Kxg2 Qg4 29. Qe2 Qe4+ 30. f3 Qf5 31. Nd3 Nxd3 32. Bxg7 Nf4+ 33. gxf4
Kxg7 34. Qd3 Qe6 35. Qd4+ Kh6 36. Rd3 Qc6 37. Rc3 Qe6 38. Rd3 Qc6 39. Qc3 Qb6
40. Kf1 Rd8 41. Qd4 Qd6 42. Qe5 Qxe5 43. fxe5 Kg5 44. Rd4 Kf5 45. f4 Ke6 46.
Ke2 Rc8 47. Rd3 Rc5 48. Kd2 f6 49. exf6 Kxf6 50. Rc3 Rb5 51. Kd3 Ke6 52. Kd4
Kd6 53. h3 Rb6 54. Rc5 Rxb3 55. Rxd5+ Ke6 56. Rxa5 h6 57. Ke4 Kf6 58. Ra4 Rc3
59. Rb4 Rxa3 60. Rb6+ Kf7 61. Rxb7+ Kf6 62. Rb6+ Kf7 63. h4 Ra4+ 64. Kf3 Ra5
65. Rb4 g5 66. fxg5 hxg5 67. h5 Re5 68. e4 Kg7 69. Kg4 Kh6 70. Rd4 Ra5 71. Rd6+
Kh7 72. Rd5 Ra4 73. Re5 Ra1 74. Rxg5 Rg1+ 75. Kf5 Rf1+ 76. Ke6 Kh6 77. Rg2 Kxh5
78. e5 Rd1 79. Ke7 1-0

[Event "X Open"]
[Site "Condino ITA"]
[Date "2010.07.30"]
[Round "7"]
[White "De Nisi, Roberta"]
[Black "Cesati Cassin, Giorgio"]
[Result "1-0"]
[WhiteElo "1900"]
[BlackElo "1592"]
[PlyCount "67"]
[EventDate "2010.07.26"]

1. d4 Nf6 2. c4 g6 3. Nc3 Bg7 4. e4 d6 5. f3 O-O 6. Be3 Nbd7 7. Qd2 c5 8. O-O-O
cxd4 9. Bxd4 a5 10. g4 e5 11. Be3 Ne8 12. h4 h5 13. c5 Qc7 14. cxd6 Nxd6 15.
Qxd6 Qc6 16. Bb5 Qxd6 17. Rxd6 Nf6 18. g5 Ne8 19. Rd8 Nc7 20. Rxf8+ Bxf8 21.
Nge2 Be6 22. Ba4 Rc8 23. Kb1 Na6 24. Rc1 Nc5 25. Bc2 Rd8 26. Rd1 Rxd1+ 27. Nxd1
Bc4 28. Nc1 Ne6 29. Nf2 Nd4 30. Bd1 Ba6 31. Nfd3 Bd6 32. f4 Nc6 33. f5 Nb4 34.
Nc5 1-0

[Event "X Open"]
[Site "Condino ITA"]
[Date "2010.07.30"]
[Round "7"]
[White "De Santis, Alessio"]
[Black "Marguerettaz, Davy"]
[Result "0-1"]
[WhiteElo "2348"]
[BlackElo "2092"]
[PlyCount "92"]
[EventDate "2010.07.26"]

1. b3 e5 2. Bb2 Nc6 3. Nf3 e4 4. Nd4 Nf6 5. e3 Bc5 6. Nf5 O-O 7. Nc3 d5 8. Ng3
Re8 9. Bb5 Bd7 10. Bxc6 Bxc6 11. Nce2 Bd6 12. O-O Bd7 13. a4 Ng4 14. h3 Ne5 15.
Nf4 c6 16. d4 Ng6 17. Nxg6 hxg6 18. Ba3 Bc7 19. c4 Qh4 20. Qe1 g5 21. Ne2 Bxh3
22. gxh3 Qxh3 23. Ng3 Re6 24. Ra2 g4 25. f4 gxf3 26. Rh2 Qxg3+ 27. Qxg3 Bxg3
28. Rh3 Bd6 29. Bxd6 Rxd6 30. Kf2 Rh6 31. Rxh6 gxh6 32. cxd5 Rd8 33. dxc6 bxc6
34. Rc1 Rd6 35. Rc5 Rg6 36. Kf1 Kg7 37. Re5 Rg4 38. Ra5 Kg6 39. Rxa7 f5 40. Rc7
f4 41. Rxc6+ Kg5 42. Rc5+ Kh4 43. exf4 Kg3 44. Rh5 e3 45. Rxh6 e2+ 46. Ke1 Kg2
0-1

[Event "X Open"]
[Site "Condino ITA"]
[Date "2010.07.30"]
[Round "7"]
[White "Galas, Franco"]
[Black "Barucco, Mattia"]
[Result "1/2-1/2"]
[WhiteElo "1771"]
[BlackElo "2014"]
[PlyCount "37"]
[EventDate "2010.07.26"]

1. d4 Nf6 2. Nf3 e6 3. e3 b6 4. c3 Bb7 5. Nbd2 d5 6. Bb5+ c6 7. Ba4 Be7 8. O-O
O-O 9. Re1 Nbd7 10. Bc2 Qc7 11. h3 Rac8 12. e4 dxe4 13. Nxe4 c5 14. Bg5 Rfe8
15. Bh4 Nd5 16. Bg3 Qc6 17. Qe2 c4 18. Rad1 Nf8 19. Ne5 1/2-1/2

[Event "X Open"]
[Site "Condino ITA"]
[Date "2010.07.30"]
[Round "7"]
[White "Garonzi, Martino"]
[Black "Papa, Angelo"]
[Result "1-0"]
[WhiteElo "2055"]
[BlackElo "1834"]
[PlyCount "45"]
[EventDate "2010.07.26"]

1. e4 g6 2. d4 Bg7 3. Nc3 c6 4. Be3 Qb6 5. Rb1 d6 6. Bc4 Nf6 7. f3 O-O 8. Qd2
Qc7 9. Nge2 b5 10. Bb3 Nbd7 11. O-O Bb7 12. a4 a6 13. Nf4 Nb6 14. Qf2 Nc4 15.
Bxc4 bxc4 16. b4 d5 17. e5 Nd7 18. e6 Nf6 19. exf7+ Rxf7 20. Ne6 Qd6 21. Nxg7
Kxg7 22. Qd2 Raf8 23. Bh6+ 1-0

[Event "X Open"]
[Site "Condino ITA"]
[Date "2010.07.30"]
[Round "7"]
[White "Girelli, Sergio"]
[Black "Volpinari, Danilo"]
[Result "1/2-1/2"]
[WhiteElo "1705"]
[BlackElo "2056"]
[PlyCount "123"]
[EventDate "2010.07.26"]

1. e4 c5 2. Nf3 g6 3. d4 cxd4 4. Nxd4 Bg7 5. Be3 Nc6 6. Nc3 Nf6 7. f3 O-O 8.
Bc4 Qb6 9. Bb3 Nxe4 10. Nxe4 Bxd4 11. Bxd4 Nxd4 12. Qd3 Nxb3 13. axb3 d6 14.
Nc3 Bf5 15. Qe2 Qc5 16. O-O-O Be6 17. Kb1 Rac8 18. Rd2 Rc6 19. Rhd1 Ra6 20. Qe4
Qa5 21. Qa4 Qe5 22. Qe4 Qxe4 23. Nxe4 Rc8 24. Nc3 Rc5 25. Rd4 Rac6 26. R1d2 Kf8
27. Ne4 Rb5 28. Nc3 Rh5 29. h3 Re5 30. Re4 Rxe4 31. Nxe4 f6 32. Re2 Kf7 33. Nc3
Rc5 34. Na4 Ra5 35. Nc3 Bd7 36. Re3 Rg5 37. Re2 h5 38. Kc1 Bc6 39. Kd2 h4 40.
Nd1 Rd5+ 41. Kc1 e5 42. Nc3 Rd4 43. Rf2 Ke6 44. Re2 g5 45. Rf2 f5 46. Re2 d5
47. Rf2 e4 48. Ne2 Rb4 49. c3 e3 50. Rf1 Rb6 51. Nd4+ Ke5 52. Kc2 f4 53. Ra1 a6
54. Kd3 Be8 55. Ra5 Bg6+ 56. Ke2 Kf6 57. Rxd5 Bf7 58. Rf5+ Kg6 59. b4 Rd6 60.
Ra5 b6 61. Ra1 Bc4+ 62. Ke1 1/2-1/2

[Event "X Open"]
[Site "Condino ITA"]
[Date "2010.07.30"]
[Round "7"]
[White "Gorelli Fagiolini, Marco"]
[Black "Giacometto, Mario"]
[Result "1-0"]
[WhiteElo "2179"]
[BlackElo "1967"]
[PlyCount "53"]
[EventDate "2010.07.26"]

1. c4 Nf6 2. Nc3 e6 3. Nf3 d5 4. cxd5 exd5 5. d4 c6 6. Qc2 Nbd7 7. Bg5 h6 8.
Bh4 Be7 9. e3 O-O 10. Bd3 Re8 11. O-O Ne4 12. Bxe7 Qxe7 13. Rae1 Nf8 14. Ne5
Nxc3 15. Qxc3 c5 16. Bb5 Rd8 17. Qxc5 Qg5 18. f4 Qh5 19. Qe7 Be6 20. f5 f6 21.
g4 Qh3 22. Rf3 Qh4 23. Ref1 a6 24. Ba4 b5 25. fxe6 bxa4 26. Rg3 Rdc8 27. Nf3
1-0

[Event "X Open"]
[Site "Condino ITA"]
[Date "2010.07.30"]
[Round "7"]
[White "Menon, Michele"]
[Black "Khachab, Ibrahim"]
[Result "1/2-1/2"]
[WhiteElo "1733"]
[BlackElo "1891"]
[PlyCount "79"]
[EventDate "2010.07.26"]

1. Nf3 g6 2. c4 Bg7 3. Nc3 Nf6 4. g3 O-O 5. Bg2 d6 6. O-O c6 7. d3 a5 8. Rb1
Na6 9. a3 Bf5 10. b4 e5 11. Nh4 Bd7 12. b5 Nc5 13. bxc6 Bxc6 14. Nd5 Nxd5 15.
cxd5 Ba4 16. Qd2 b5 17. Bb2 Rc8 18. Bh3 Nb3 19. Qe3 Rc2 20. Nf3 Qa8 21. Bg2
Rfc8 22. Rfe1 Rxb2 23. Rxb2 e4 24. Rbb1 exf3 25. Bxf3 Re8 26. Qb6 Qd8 27. Qxd8
Rxd8 28. Kg2 Bc3 29. Rh1 Bd4 30. e3 Bc5 31. Bd1 Nd2 32. Rb2 Bxa3 33. Rxd2 Bxd1
34. Rhxd1 Rc8 35. Ra2 Rc3 36. Kf3 a4 37. Ke4 f5+ 38. Kd4 Rb3 39. Rxa3 Rxa3 40.
Rb1 1/2-1/2

[Event "X Open"]
[Site "Condino ITA"]
[Date "2010.07.30"]
[Round "7"]
[White "Panjkovic, Aleksandar"]
[Black "Dappiano, Andrea"]
[Result "1/2-1/2"]
[WhiteElo "2121"]
[BlackElo "2033"]
[PlyCount "20"]
[EventDate "2010.07.26"]

1. c4 e5 2. g3 Nc6 3. Bg2 g6 4. Nc3 Bg7 5. d3 f5 6. e3 Nf6 7. Nge2 d6 8. O-O
O-O 9. Rb1 a5 10. b3 g5 1/2-1/2

[Event "X Open"]
[Site "Condino ITA"]
[Date "2010.07.30"]
[Round "7"]
[White "Panjkovic, Stefan"]
[Black "Weinberg, Emanuele"]
[Result "1/2-1/2"]
[WhiteElo "1608"]
[BlackElo "1843"]
[PlyCount "22"]
[EventDate "2010.07.26"]

1. d4 Nf6 2. Bf4 g6 3. e3 Bg7 4. Nf3 d6 5. h3 O-O 6. Be2 b6 7. O-O Ba6 8. Bxa6
Nxa6 9. c3 Re8 10. Nbd2 c5 11. a4 cxd4 1/2-1/2

[Event "X Open"]
[Site "Condino ITA"]
[Date "2010.07.30"]
[Round "7"]
[White "Petragnani, Gian Giacomo"]
[Black "Taloni, Silvio"]
[Result "1-0"]
[WhiteElo "1674"]
[BlackElo "1778"]
[PlyCount "73"]
[EventDate "2010.07.26"]

1. Nf3 d6 2. g3 b6 3. Bg2 Bb7 4. O-O g6 5. d3 Bg7 6. c3 Nd7 7. Re1 e6 8. e4 Ne7
9. Be3 O-O 10. Nbd2 Re8 11. h3 c5 12. d4 Rc8 13. Nc4 cxd4 14. Nxd6 dxe3 15.
Nxb7 exf2+ 16. Kxf2 Qc7 17. Nd6 Ne5 18. Nxe8 Rxe8 19. Nxe5 Bxe5 20. Qf3 Nc8 21.
Red1 b5 22. Rd3 Nb6 23. Rad1 Qc5+ 24. Kf1 Qc7 25. b3 a6 26. Kg1 Re7 27. Kh2 h5
28. h4 Kf8 29. Bh3 Kg7 30. Kg2 Kg8 31. g4 hxg4 32. Qxg4 Kg7 33. h5 Qb7 34. hxg6
fxg6 35. Rd8 Nd7 36. Qh4 Kf7 37. Rf1+ 1-0

[Event "X Open"]
[Site "Condino ITA"]
[Date "2010.07.30"]
[Round "7"]
[White "Pipitone, Antonio"]
[Black "Van den Bergh, Peter"]
[Result "1/2-1/2"]
[WhiteElo "2044"]
[BlackElo "2074"]
[PlyCount "51"]
[EventDate "2010.07.26"]

1. e4 c5 2. Nf3 d6 3. d4 cxd4 4. Nxd4 Nf6 5. Nc3 g6 6. Be3 Bg7 7. Be2 Nc6 8.
O-O O-O 9. f4 Qb6 10. Na4 Qa5 11. Nc3 Qb6 12. Na4 Qa5 13. Nc3 Bd7 14. a3 Rac8
15. Qd2 Nxd4 16. Qxd4 a6 17. Qd2 Rfe8 18. h3 Bc6 19. Bf3 Nd7 20. e5 Nf8 21. Qf2
Qc7 22. Bb6 Qb8 23. Ba7 Qc7 24. Bb6 Qb8 25. Ba7 Qc7 26. Bb6 1/2-1/2

[Event "X Open"]
[Site "Condino ITA"]
[Date "2010.07.30"]
[Round "7"]
[White "Popa, Claudiu"]
[Black "Brunello, Roberta"]
[Result "1-0"]
[WhiteElo "2211"]
[BlackElo "2064"]
[PlyCount "65"]
[EventDate "2010.07.26"]

1. e4 e5 2. Nf3 Nc6 3. d4 exd4 4. Nxd4 Bc5 5. Nxc6 Qf6 6. Qd2 dxc6 7. Nc3 Ne7
8. Qf4 Be6 9. Bd3 O-O-O 10. O-O Qxf4 11. Bxf4 Ng6 12. Bg3 h5 13. h3 h4 14. Bh2
Bd4 15. Kh1 Ne5 16. Bxe5 Bxe5 17. f4 Bd4 18. f5 Bd7 19. Bc4 f6 20. Rad1 Be5 21.
Rd2 Rhe8 22. Rfd1 b5 23. Bf7 Bxc3 24. bxc3 Rf8 25. Rxd7 Rxd7 26. Be6 Rff7 27.
g4 hxg3 28. Kg2 Kd8 29. Rxd7+ Rxd7 30. Bxd7 Kxd7 31. Kxg3 c5 32. Kf4 Kd6 33. h4
1-0

[Event "X Open"]
[Site "Condino ITA"]
[Date "2010.07.30"]
[Round "7"]
[White "Qendro, Llambi"]
[Black "Ventura, Sergio"]
[Result "1-0"]
[WhiteElo "2356"]
[BlackElo "2103"]
[PlyCount "113"]
[EventDate "2010.07.26"]

1. d4 Nf6 2. c4 g6 3. Nc3 d5 4. Nf3 Bg7 5. Bg5 c6 6. e3 O-O 7. Bd3 Nbd7 8. O-O
Re8 9. Rc1 dxc4 10. Bxc4 Nb6 11. Bb3 Nbd5 12. Nxd5 cxd5 13. Bf4 Bg4 14. Bc7 Qc8
15. h3 Bxf3 16. Qxf3 Qd7 17. Be5 Ne4 18. Rc7 Qb5 19. Rfc1 a5 20. Bxg7 Kxg7 21.
Qf4 f6 22. f3 a4 23. Bxd5 Qxd5 24. Qxe4 Qxe4 25. fxe4 Rab8 26. Rd7 Kf8 27. Rcc7
b5 28. Kf2 b4 29. Rb7 Rec8 30. Rdc7 Rxb7 31. Rxc8+ Kf7 32. Ke2 h5 33. Kd3 g5
34. g3 Ke6 35. Rc5 Rb8 36. Kc4 b3 37. a3 Kd6 38. e5+ Ke6 39. exf6 exf6 40. e4
Kd6 41. Rd5+ Ke6 42. Rb5 Rc8+ 43. Rc5 Re8 44. e5 Kf5 45. Kb5 g4 46. exf6+ Kxf6
47. Rxh5 Re2 48. hxg4 Rxb2 49. Kxa4 Rb1 50. Rb5 b2 51. g5+ Ke6 52. g6 Kf6 53.
Rb6+ Kg7 54. g4 Rg1 55. Rxb2 Rxg4 56. Rb6 Rxd4+ 57. Kb5 1-0

[Event "X Open"]
[Site "Condino ITA"]
[Date "2010.07.30"]
[Round "7"]
[White "Scharrer, Patrick"]
[Black "Oppici, Gabriele"]
[Result "1-0"]
[WhiteElo "2253"]
[BlackElo "2010"]
[PlyCount "43"]
[EventDate "2010.07.26"]

1. e4 Nc6 2. Nf3 d6 3. d4 Nf6 4. Nc3 Bg4 5. Be3 e6 6. h3 Bh5 7. a3 Be7 8. Bd3
O-O 9. g4 Bg6 10. Nd2 e5 11. d5 Nb8 12. h4 h5 13. g5 Ng4 14. Be2 Nxe3 15. fxe3
c6 16. Bxh5 Bxh5 17. Qxh5 b5 18. dxc6 Nxc6 19. Nd5 Na5 20. Rf1 Nc4 21. Nxc4
bxc4 22. Nf6+ 1-0

[Event "X Open"]
[Site "Condino ITA"]
[Date "2010.07.30"]
[Round "7"]
[White "Van Rekom, Robert"]
[Black "Gardi, Giuseppe"]
[Result "1/2-1/2"]
[WhiteElo "1879"]
[BlackElo "2034"]
[PlyCount "34"]
[EventDate "2010.07.26"]

1. e4 g6 2. d4 Bg7 3. c4 d6 4. Nc3 Nf6 5. Be2 O-O 6. g4 e5 7. d5 c6 8. g5 Ne8
9. h4 f5 10. gxf6 Nxf6 11. Be3 Na6 12. h5 gxh5 13. Bxh5 Nc7 14. Qe2 cxd5 15.
exd5 Bf5 16. O-O-O Qd7 17. f4 Nxh5 1/2-1/2

[Event "X Open"]
[Site "Condino ITA"]
[Date "2010.07.30"]
[Round "7"]
[White "Varzi, Florian"]
[Black "Lezzerini, Marco"]
[Result "1/2-1/2"]
[WhiteElo "1467"]
[BlackElo "1672"]
[PlyCount "36"]
[EventDate "2010.07.26"]

1. d4 d6 2. e4 g6 3. f4 Nf6 4. Bd3 Bg7 5. Nf3 c5 6. e5 Nd5 7. c3 O-O 8. O-O
cxd4 9. cxd4 Nc6 10. Qb3 Nc7 11. Be4 d5 12. Bd3 a5 13. Bd2 Ne6 14. Be3 a4 15.
Qc3 Qb6 16. Nbd2 Qb4 17. Rfc1 Bh6 18. g3 Bd7 1/2-1/2

[Event "X Open"]
[Site "Condino ITA"]
[Date "2010.07.30"]
[Round "7"]
[White "Zallocco, Marco"]
[Black "Ravazzolo, Gaia"]
[Result "0-1"]
[WhiteElo "1465"]
[BlackElo "1736"]
[PlyCount "46"]
[EventDate "2010.07.26"]

1. d4 d5 2. Bf4 Nf6 3. Nf3 g6 4. e3 Bg7 5. Be2 O-O 6. O-O Nbd7 7. Nbd2 c5 8. c3
b6 9. Ne5 Bb7 10. Ndf3 Ne4 11. Bd3 Ndf6 12. Nd2 Nxd2 13. Qxd2 Nh5 14. Rfe1 Rc8
15. Be2 Nf6 16. Bd3 c4 17. Bc2 b5 18. a3 Qb6 19. Bg5 Rfd8 20. Bxf6 Bxf6 21. f4
Qd6 22. Re2 Bg7 23. Rf1 a5 0-1

[Event "I Festival Terra degli Elimi"]
[Site "Erice ITA"]
[Date "2010.07.28"]
[Round "1"]
[White "Bertino, Giacomo"]
[Black "Lo Cascio, Marco"]
[Result "1-0"]
[WhiteElo "1988"]
[BlackElo "1593"]
[PlyCount "69"]
[EventDate "2010.07.28"]

1. e4 c6 2. Nf3 d5 3. Nc3 dxe4 4. Nxe4 Nf6 5. Ng3 h5 6. Bc4 h4 7. Ne2 h3 8.
gxh3 Bxh3 9. Nf4 Bg4 10. Bxf7+ Kxf7 11. Ne5+ Ke8 12. Nxg4 Qd4 13. d3 e5 14. c3
Qd6 15. Ng6 Qd5 16. O-O Rh7 17. Re1 Nbd7 18. N4xe5 Kd8 19. Nf4 Qg8 20. Qe2 Kc7
21. Nxd7 Kxd7 22. Bd2 Bd6 23. Ng6 Bxh2+ 24. Kg2 Bd6 25. Rh1 Qf7 26. Ne5+ Bxe5
27. Qxe5 Qg6+ 28. Qg3 Qf5 29. Rxh7 Qxh7 30. Rh1 Qg8 31. c4 Qf7 32. Bb4 Ne8 33.
Re1 Rd8 34. Qg4+ Kc7 35. Re7+ 1-0